[Event "0MCR_3DE_1L_2S"]
[Site "?"]
[Date "2003.??.??"]
[Round "?"]
[White "Strnad, Jiri"]
[Black "Hlavac, Frantisek"]
[Result "1/2-1/2"]
[WhiteElo "2180"]
[BlackElo "2405"]
[PlyCount "91"]
[EventDate "2003.??.??"]
[EventType "corr"]
[EventRounds "2"]
[SourceDate "2004.06.03"]

1. d4 Nf6 2. c4 c5 3. d5 b5 4. Nf3 g6 5. cxb5 a6 6. b6 Qxb6 7. Nc3 d6 8. e4 Bg7
9. Nd2 O-O 10. Be2 Nbd7 11. O-O Ne5 12. b3 Bd7 13. Bb2 Rfb8 14. Qc2 g5 15. Nc4
Nxc4 16. Bxc4 Ng4 17. Nd1 Ne5 18. Qc1 h6 19. f4 gxf4 20. Qxf4 Rf8 21. Rc1 Kh7
22. Rc2 Ng6 23. Qd2 Bd4+ 24. Bxd4 cxd4 25. Qf2 f5 26. Rd2 f4 27. Qxd4 Qxd4+ 28.
Rxd4 Ne5 29. Nb2 f3 30. Nd3 fxg2 31. Rxf8 Rxf8 32. Nxe5 Bh3 33. Rd1 dxe5 34.
Bxa6 Ra8 35. Rd3 Bd7 36. Bc4 Rxa2 37. Rg3 Ra1+ 38. Kxg2 Ra2+ 39. Kh1 Be8 40.
Rc3 Rb2 41. Kg1 Bh5 42. Bb5 Kg7 43. h4 Bg4 44. Rg3 h5 45. Bc4 Kf8 46. Rc3
1/2-1/2

[Event "0MCR_3DE_1L_2S"]
[Site "?"]
[Date "2003.??.??"]
[Round "?"]
[White "Strnad, Jiri"]
[Black "Hnilicka, Michal"]
[Result "1-0"]
[WhiteElo "2180"]
[BlackElo "2090"]
[PlyCount "89"]
[EventDate "2003.??.??"]
[EventType "corr"]
[EventRounds "2"]
[SourceDate "2004.06.03"]

1. e4 e5 2. Nf3 Nf6 3. Nxe5 d6 4. Nf3 Nxe4 5. d4 d5 6. Bd3 Bd6 7. O-O O-O 8. c4
c6 9. Qc2 Na6 10. a3 f5 11. Nc3 Nc7 12. Ne2 Ne6 13. b4 Bd7 14. Bb2 a5 15. c5
Bc7 16. Ne5 Be8 17. f3 Qg5 18. Qc1 Qxc1 19. Rfxc1 N4g5 20. h4 Nf7 21. Bxf5 Nxd4
22. Nxd4 Nxe5 23. Ne6 Rxf5 24. Nxc7 Rc8 25. Re1 Rxc7 26. Bxe5 Rc8 27. bxa5 Bg6
28. h5 Be8 29. Rab1 Rf7 30. Bd6 Ra8 31. Rb6 h6 32. g4 Kh7 33. Kg2 Kg8 34. Kg3
Kh7 35. f4 Kg8 36. g5 hxg5 37. fxg5 Rf5 38. Kh4 d4 39. Rxb7 d3 40. Ree7 Rf7 41.
Rxf7 Bxf7 42. g6 Bc4 43. Bf4 Rd8 44. Bg5 Re8 45. Bd2 1-0

[Event "0MCR_3DE_1L_2S"]
[Site "?"]
[Date "2003.??.??"]
[Round "?"]
[White "Strnad, Jiri"]
[Black "Kuta, Jiri"]
[Result "1-0"]
[WhiteElo "2180"]
[BlackElo "2305"]
[PlyCount "69"]
[EventDate "2003.??.??"]
[EventType "corr"]
[EventRounds "2"]
[SourceDate "2004.06.03"]

1. d4 Nf6 2. c4 e6 3. Nf3 b6 4. a3 Ba6 5. Qc2 Bb7 6. Nc3 c5 7. e4 cxd4 8. Nxd4
Nc6 9. Nxc6 Bxc6 10. Bf4 Nh5 11. Be3 Qb8 12. O-O-O Bc5 13. Bxc5 bxc5 14. g3 Nf6
15. f4 O-O 16. Bd3 d6 17. Qe2 Qc7 18. Rhe1 Nd7 19. Bb1 Rfd8 20. Rd2 Nf8 21.
Red1 f6 22. Qe3 Be8 23. g4 Rab8 24. h4 Qb7 25. g5 fxg5 26. hxg5 a6 27. f5 a5
28. Qh3 Qe7 29. Qh4 Qb7 30. Rh2 e5 31. g6 h6 32. Nd5 Kh8 33. Rg1 Rd7 34. f6
Nxg6 35. Rf2 1-0

[Event "0MCR_3DE_1L_2S"]
[Site "?"]
[Date "2003.??.??"]
[Round "?"]
[White "Strnad, Jiri"]
[Black "Necesany, Zdenek"]
[Result "1/2-1/2"]
[WhiteElo "2180"]
[BlackElo "2215"]
[PlyCount "105"]
[EventDate "2003.??.??"]
[EventType "corr"]
[EventRounds "2"]
[SourceDate "2004.06.03"]

1. d4 d5 2. c4 c6 3. Nc3 Nf6 4. Nf3 a6 5. c5 Nbd7 6. Bf4 Nh5 7. Bd2 Nhf6 8. Bg5
h6 9. Bxf6 Nxf6 10. Qc2 g6 11. e3 Bf5 12. Bd3 Bxd3 13. Qxd3 Bg7 14. O-O O-O 15.
Ne5 Qc7 16. f4 e6 17. b4 Rfb8 18. Rab1 Nd7 19. Rbc1 Rf8 20. a4 Rfb8 21. a5 Nf6
22. Rf3 Rd8 23. Rh3 Re8 24. Rf1 Qe7 25. Rff3 Rad8 26. Nd1 Rb8 27. Nf2 Rbd8 28.
Qe2 Rc8 29. Nfg4 Nxg4 30. Nxg4 Kh7 31. Qf2 Rcd8 32. Rh4 Rh8 33. Rfh3 h5 34. Ne5
Bf6 35. Rg4 Kg8 36. Rgg3 Qe8 37. Rf3 Bg7 38. Qh4 Kf8 39. g4 f6 40. Nd3 Rd7 41.
gxh5 Rxh5 42. Qg4 Bh6 43. Rfg3 Rxh3 44. Rxh3 Rh7 45. Kg2 Rh8 46. Rg3 Rg8 47.
Nf2 Qf7 48. Qh4 Bg7 49. Qh7 Bh8 50. Qxf7+ Kxf7 51. e4 Bg7 52. e5 Rh8 53. Nd3
1/2-1/2

[Event "0MCR_3DE_1L_2S"]
[Site "?"]
[Date "2003.??.??"]
[Round "?"]
[White "Strnad, Jiri"]
[Black "Pravec, Ladislav"]
[Result "1/2-1/2"]
[WhiteElo "2180"]
[BlackElo "2265"]
[PlyCount "87"]
[EventDate "2003.??.??"]
[EventType "corr"]
[EventRounds "2"]
[SourceDate "2004.06.03"]

1. e4 c5 2. Nf3 Nc6 3. d4 cxd4 4. Nxd4 Nf6 5. Nc3 d6 6. Bg5 e6 7. Qd2 Be7 8.
O-O-O O-O 9. f4 h6 10. h4 Nxd4 11. Qxd4 hxg5 12. hxg5 Ng4 13. e5 dxe5 14. Qe4
f5 15. gxf6 Nxf6 16. Rxd8 Nxe4 17. Rxf8+ Bxf8 18. Nxe4 exf4 19. Rh4 g6 20. Bc4
a6 21. Rg4 b5 22. Bb3 a5 23. a3 a4 24. Ba2 Ra6 25. Rxg6+ Kf7 26. Rf6+ Ke8 27.
Rg6 Bb7 28. Ng5 Bc5 29. Nxe6 Be3+ 30. Kd1 Rd6+ 31. Ke1 Be4 32. Rg7 f3 33. gxf3
Bxf3 34. Nc7+ Kd8 35. Ne6+ Kc8 36. Rg8+ Kb7 37. Rd8 Rxd8 38. Nxd8+ Kb6 39. c3
Bc1 40. b4 Be4 41. Nf7 Bh7 42. Ne5 Bxa3 43. Kd2 Bb2 44. Nd3 1/2-1/2

[Event "0MCR_3DE_1L_2S"]
[Site "?"]
[Date "2003.??.??"]
[Round "?"]
[White "Strnad, Jiri"]
[Black "Svrsek, Radomir"]
[Result "1/2-1/2"]
[WhiteElo "2180"]
[BlackElo "2230"]
[PlyCount "68"]
[EventDate "2003.??.??"]
[EventType "corr"]
[EventRounds "2"]
[SourceDate "2004.06.03"]

1. e4 c6 2. d4 d5 3. Nc3 dxe4 4. Nxe4 Bf5 5. Ng3 Bg6 6. Nf3 Nd7 7. h4 h6 8. h5
Bh7 9. Bd3 Bxd3 10. Qxd3 e6 11. Bf4 Ngf6 12. O-O-O Be7 13. Kb1 O-O 14. Ne4 Nxe4
15. Qxe4 Nf6 16. Qe2 Qd5 17. Ne5 Rad8 18. g4 Qe4 19. Qxe4 Nxe4 20. Be3 Bd6 21.
Rhe1 Bb4 22. Re2 Bd6 23. Kc1 Nf6 24. Rg1 Nd5 25. Bd2 c5 26. dxc5 Bxc5 27. g5
hxg5 28. Bxg5 f6 29. Nd3 fxg5 30. Nxc5 Nf4 31. Re3 b6 32. Nxe6 Nxe6 33. Rxe6
Rxf2 34. b3 Rc8 1/2-1/2

[Event "0MCR_3DE_1L_2S"]
[Site "?"]
[Date "2003.??.??"]
[Round "?"]
[White "Svrsek, Radomir"]
[Black "Bucek, Jiri"]
[Result "1/2-1/2"]
[WhiteElo "2230"]
[BlackElo "2300"]
[PlyCount "86"]
[EventDate "2003.??.??"]
[EventType "corr"]
[EventRounds "2"]
[SourceDate "2004.06.03"]

1. c4 e5 2. Nc3 Bb4 3. Nf3 Bxc3 4. dxc3 Nc6 5. e4 Qe7 6. Be2 d6 7. Be3 Nf6 8.
Qc2 O-O 9. O-O Nd8 10. Rfe1 Ne6 11. Nh4 g6 12. Nf3 Ng4 13. Bd2 b6 14. a4 a5 15.
Rad1 Bb7 16. Bd3 Kg7 17. Qc1 Nc5 18. Bc2 Kh8 19. h3 Nf6 20. Bg5 Ne6 21. Bh4 Rg8
22. b3 Kg7 23. Qe3 h6 24. Nh2 g5 25. Bg3 h5 26. Nf3 h4 27. Bh2 Nh5 28. Nd2 g4
29. hxg4 Nhf4 30. Nf1 Kh7 31. f3 h3 32. gxh3 Nxh3+ 33. Kh1 Qh4 34. Ng3 Rh8 35.
Rd2 Ng7 36. b4 axb4 37. cxb4 Kg8 38. c5 bxc5 39. bxc5 Nf4 40. Rg1 Rd8 41. Nf5
Nxf5 42. gxf5+ Kf8 43. Rb1 Bc8 1/2-1/2

[Event "0MCR_3DE_1L_2S"]
[Site "?"]
[Date "2003.??.??"]
[Round "?"]
[White "Svrsek, Radomir"]
[Black "Hnilicka, Michal"]
[Result "1-0"]
[WhiteElo "2230"]
[BlackElo "2090"]
[PlyCount "55"]
[EventDate "2003.??.??"]
[EventType "corr"]
[EventRounds "2"]
[SourceDate "2004.06.03"]

1. c4 Nf6 2. Nc3 c5 3. g3 d5 4. cxd5 Nxd5 5. Bg2 Nc7 6. Nf3 Nc6 7. d3 e5 8. O-O
Be7 9. Nd2 Bd7 10. Nc4 O-O 11. a4 b6 12. f4 f6 13. fxe5 fxe5 14. Rxf8+ Qxf8 15.
Bxc6 Bxc6 16. Nxe5 Be8 17. Qb3+ Kh8 18. Bf4 g5 19. Bd2 Bf6 20. Nc4 Bc6 21. Rf1
Qe7 22. Rxf6 Qxf6 23. Ne4 Qf7 24. Nxg5 Qd5 25. e4 Qd4+ 26. Ne3 c4 27. Qd1 Qxd3
28. Qf3 1-0

[Event "0MCR_3DE_1L_2S"]
[Site "?"]
[Date "2003.??.??"]
[Round "?"]
[White "Svrsek, Radomir"]
[Black "Kuta, Jiri"]
[Result "1/2-1/2"]
[WhiteElo "2230"]
[BlackElo "2305"]
[PlyCount "89"]
[EventDate "2003.??.??"]
[EventType "corr"]
[EventRounds "2"]
[SourceDate "2004.06.03"]

1. d4 Nf6 2. c4 e6 3. Nc3 Bb4 4. Qb3 c5 5. Nf3 Nc6 6. dxc5 Ne4 7. Bd2 Nxd2 8.
Nxd2 O-O 9. Nde4 b6 10. cxb6 f5 11. Nd2 Nd4 12. Qd1 Qxb6 13. e3 Nc6 14. Be2 f4
15. e4 Bc5 16. O-O Qxb2 17. Na4 Qa3 18. Nxc5 Qxc5 19. Nb3 Qe5 20. c5 a5 21. Rc1
Qxe4 22. Bf3 Qa4 23. Ra1 Rb8 24. Qd6 Rb4 25. Rfd1 Na7 26. Nd4 Nb5 27. Nxb5 Qxb5
28. a3 Rb3 29. Be4 g6 30. Bd3 Qc6 31. Qxc6 dxc6 32. Be4 Rc3 33. Rdc1 Rxc1+ 34.
Rxc1 Bb7 35. Rd1 Kg7 36. g3 fxg3 37. hxg3 Kf6 38. f3 h5 39. Kf2 Rc8 40. Rd4 Ba6
41. Ra4 g5 42. Ke3 h4 43. gxh4 gxh4 44. Kf2 e5 45. Kg2 1/2-1/2

[Event "0MCR_3DE_1L_2S"]
[Site "?"]
[Date "2003.??.??"]
[Round "?"]
[White "Svrsek, Radomir"]
[Black "Necesany, Zdenek"]
[Result "1/2-1/2"]
[WhiteElo "2230"]
[BlackElo "2215"]
[PlyCount "178"]
[EventDate "2003.??.??"]
[EventType "corr"]
[EventRounds "2"]
[SourceDate "2004.06.03"]

1. e4 e5 2. Nf3 Nc6 3. Nc3 Nf6 4. Bb5 Bb4 5. O-O O-O 6. d3 d6 7. Bg5 Bxc3 8.
bxc3 Qe7 9. Nd2 h6 10. Bh4 Nd8 11. Qf3 g5 12. Bg3 Ne6 13. Bc4 Nf4 14. d4 Kg7
15. Rfe1 Rh8 16. a4 a5 17. Ra2 Bd7 18. Bb5 Bxb5 19. axb5 b6 20. h3 Ng6 21. Nc4
Qe6 22. Ra4 Qe8 23. dxe5 dxe5 24. Rb1 Qe6 25. Ne3 Nd7 26. Rd1 Nc5 27. Raa1 Rad8
28. Rd5 Nf4 29. Nf5+ Kg6 30. Rxd8 Rxd8 31. Bxf4 exf4 32. Re1 Kh7 33. Nd4 Qg6
34. Qe2 a4 35. e5 h5 36. Qf3 Re8 37. c4 Kh6 38. h4 Kh7 39. hxg5 Qxg5 40. Qd5
Qg6 41. Nf3 Rg8 42. Nh4 Qe6 43. Kf1 Qxd5 44. cxd5 a3 45. Ra1 Ra8 46. Ke2 Re8
47. Nf3 Ra8 48. Nd4 Kg6 49. Kf3 Ra4 50. c3 a2 51. d6 cxd6 52. exd6 Kg5 53. Nc2
Rc4 54. Rxa2 Rxc3+ 55. Ke2 Rd3 56. Ra7 Kf6 57. Na3 Rc3 58. f3 Ke6 59. Kd2 Rb3
60. Nc4 Nd7 61. Na3 Rb2+ 62. Nc2 Kxd6 63. Ra4 Rxb5 64. Rxf4 f6 65. Kc3 Rc5+ 66.
Kb3 Rg5 67. Ne3 Ke6 68. Rh4 Nf8 69. Rb4 Nd7 70. Rh4 Re5 71. Nc4 Re2 72. f4 Nc5+
73. Kb4 Rxg2 74. f5+ Kd7 75. Kb5 Kc7 76. Nxb6 Nd7 77. Nxd7 Kxd7 78. Rxh5 Kd6
79. Kc4 Rd2 80. Rh1 Ke5 81. Kc3 Rd8 82. Rf1 Ke4 83. Rf2 Rd1 84. Kc2 Rd5 85. Kc3
Rxf5 86. Re2+ Kf3 87. Re6 Rf4 88. Kd3 f5 89. Rf6 Kg3 1/2-1/2

[Event "0MCR_3DE_1L_2S"]
[Site "?"]
[Date "2003.??.??"]
[Round "?"]
[White "Svrsek, Radomir"]
[Black "Pravec, Ladislav"]
[Result "0-1"]
[WhiteElo "2230"]
[BlackElo "2265"]
[PlyCount "104"]
[EventDate "2003.??.??"]
[EventType "corr"]
[EventRounds "2"]
[SourceDate "2004.06.03"]

1. e4 c5 2. Nf3 Nc6 3. Bb5 g6 4. O-O Bg7 5. d3 Nf6 6. Nc3 O-O 7. Re1 d6 8. Nd5
Nxd5 9. exd5 a6 10. Bxc6 bxc6 11. dxc6 Qc7 12. c3 Be6 13. Ng5 Bd5 14. Qg4 e5
15. f4 f6 16. c4 Bxc6 17. Qe6+ Kh8 18. Ne4 Rad8 19. Qh3 d5 20. cxd5 Bxd5 21. f5
Qc8 22. Ng3 Rg8 23. Be3 gxf5 24. Qxf5 Qxf5 25. Nxf5 Bf8 26. Ng3 Bb7 27. Rac1
Rxd3 28. Rc2 Rg4 29. b3 Kg8 30. Kf1 a5 31. Ke2 Ba6 32. Kf2 a4 33. Ra1 Kf7 34.
Bxc5 Bxc5+ 35. Rxc5 Rd2+ 36. Kg1 Kg6 37. Rac1 Rxa2 38. bxa4 h5 39. R5c2 Rgxa4
40. Rxa2 Rxa2 41. Rb1 h4 42. Ne4 f5 43. Nc3 Rc2 44. Nd5 Bd3 45. Re1 Be4 46. Ne3
Ra2 47. h3 Kg5 48. Rc1 f4 49. Nd1 Rxg2+ 50. Kf1 Rc2 51. Rxc2 Bxc2 52. Nc3 Bf5
0-1

[Event "0MCR_3DE_1L_2S"]
[Site "?"]
[Date "2003.??.??"]
[Round "?"]
[White "Svrsek, Radomir"]
[Black "Strnad, Jiri"]
[Result "1/2-1/2"]
[WhiteElo "2230"]
[BlackElo "2180"]
[PlyCount "57"]
[EventDate "2003.??.??"]
[EventType "corr"]
[EventRounds "2"]
[SourceDate "2004.06.03"]

1. e4 e5 2. Nf3 Nc6 3. Nc3 Nf6 4. Bb5 Bb4 5. O-O O-O 6. d3 d6 7. Bg5 Bxc3 8.
bxc3 h6 9. Bh4 Qe7 10. Nd2 Nd8 11. Qf3 Ne6 12. a4 Nf4 13. d4 c6 14. Bd3 b6 15.
Rfb1 Rb8 16. a5 Be6 17. axb6 Rxb6 18. Rxb6 axb6 19. h3 b5 20. c4 bxc4 21. Bxc4
g5 22. Bxe6 Nxe6 23. dxe5 dxe5 24. Bg3 Nd4 25. Qd1 Rd8 26. Ra4 Nb5 27. Qe1 Nh5
28. Bh2 Qc5 29. Rc4 1/2-1/2

[Event "0MCR_3DE_1L_3S"]
[Site "?"]
[Date "2003.??.??"]
[Round "?"]
[White "Binas, Jindrich"]
[Black "Hlavacek, Ladislav"]
[Result "1-0"]
[WhiteElo "2220"]
[BlackElo "2085"]
[PlyCount "49"]
[EventDate "2003.??.??"]
[EventType "corr"]
[EventRounds "2"]
[SourceDate "2004.06.03"]

1. e4 e5 2. Nf3 Nf6 3. Nxe5 Qe7 4. Nf3 Nxe4 5. Be2 d5 6. O-O Nc6 7. Re1 Be6 8.
Bb5 Qc5 9. Bxc6+ Qxc6 10. d3 Nc5 11. Nd4 Qd6 12. Nc3 c6 13. b4 Nd7 14. Bg5 Be7
15. Nf5 Bxf5 16. Bxe7 Qg6 17. b5 Be6 18. Bd6 Rd8 19. bxc6 bxc6 20. Qb1 Nb6 21.
Qb4 Nc8 22. Bc5 Nb6 23. Ne2 Qf6 24. Nd4 Kd7 25. Nf3 1-0

[Event "0MCR_3DE_1L_3S"]
[Site "?"]
[Date "2003.??.??"]
[Round "?"]
[White "Binas, Jindrich"]
[Black "Nepustil, Frantisek"]
[Result "0-1"]
[WhiteElo "2220"]
[BlackElo "2000"]
[PlyCount "86"]
[EventDate "2003.??.??"]
[EventType "corr"]
[EventRounds "2"]
[SourceDate "2004.06.03"]

1. e4 d5 2. exd5 Nf6 3. d4 Nxd5 4. Nf3 Bg4 5. h3 Bxf3 6. Qxf3 e6 7. Bd3 Nd7 8.
O-O Qf6 9. Be4 O-O-O 10. Rd1 Qxf3 11. Bxf3 Be7 12. b3 Bf6 13. Bb2 c5 14. Na3
Nb8 15. c3 cxd4 16. cxd4 Nc6 17. Rac1 Kb8 18. Nc4 Bg5 19. Rb1 Rd7 20. g3 Rc8
21. h4 Bf6 22. Rbc1 Rcd8 23. Ne5 Bxe5 24. dxe5 Ndb4 25. Rxd7 Rxd7 26. Rc4 a5
27. a3 Nd3 28. Bxc6 bxc6 29. Bc3 Rb7 30. Rd4 Nc1 31. Rd8+ Ka7 32. Bxa5 Nxb3 33.
Bc3 h5 34. Kg2 g6 35. Rd3 Kb6 36. Bb4 Nc5 37. Rd1 Na4 38. Rb1 Ka6 39. Rc1 Kb5
40. Bd2 Rd7 41. Rb1+ Ka6 42. Be3 c5 43. Rb8 Rc7 0-1

[Event "0MCR_3DE_1L_3S"]
[Site "?"]
[Date "2003.??.??"]
[Round "?"]
[White "Binas, Jindrich"]
[Black "Prchly, Milos"]
[Result "1/2-1/2"]
[WhiteElo "2220"]
[BlackElo "2270"]
[PlyCount "33"]
[EventDate "2003.??.??"]
[EventType "corr"]
[EventRounds "2"]
[SourceDate "2004.06.03"]

1. e4 e5 2. Nf3 Nf6 3. Nxe5 d6 4. Nf3 Nxe4 5. d4 d5 6. Bd3 Be7 7. O-O Nc6 8. c4
Nb4 9. Be2 O-O 10. Nc3 Be6 11. Ne5 f6 12. Nf3 Re8 13. a3 Nxc3 14. bxc3 Na6 15.
cxd5 Bxd5 16. Qc2 c6 17. Be3 1/2-1/2

[Event "0MCR_3DE_1L_3S"]
[Site "?"]
[Date "2003.??.??"]
[Round "?"]
[White "Binas, Jindrich"]
[Black "Schauer, Jiri"]
[Result "1-0"]
[WhiteElo "2220"]
[BlackElo "2140"]
[PlyCount "91"]
[EventDate "2003.??.??"]
[EventType "corr"]
[EventRounds "2"]
[SourceDate "2004.06.03"]

1. e4 e5 2. Nf3 Nc6 3. Bb5 a6 4. Ba4 Nf6 5. O-O Be7 6. Re1 b5 7. Bb3 O-O 8. c3
d6 9. h3 Bb7 10. d4 Re8 11. Nbd2 Bf8 12. a4 h6 13. Bc2 exd4 14. cxd4 Nb4 15.
Bb1 c5 16. d5 Nd7 17. Ra3 f5 18. Nh2 Nf6 19. Rg3 Qd7 20. b3 fxe4 21. Nxe4 Nbxd5
22. Ng4 Nxg4 23. hxg4 Nf6 24. Nxf6+ gxf6 25. axb5 axb5 26. Bf5 Qf7 27. Bd2 b4
28. Rxe8 Qxe8 29. Re3 Qc6 30. f3 Qc7 31. Re1 d5 32. Qc1 Bc8 33. Re8 Qc6 34.
Bh7+ Kf7 35. Re1 Qb6 36. Be3 f5 37. gxf5 Qf6 38. Qd2 Bb7 39. Bg6+ Kg8 40. Bxh6
Qc3 41. f6 Qxf6 42. Bxf8 Rxf8 43. Qh6 Qd4+ 44. Re3 Qa1+ 45. Kf2 Qg7 46. Qg5 1-0

[Event "0MCR_3DE_1L_3S"]
[Site "?"]
[Date "2003.??.??"]
[Round "?"]
[White "Binas, Jindrich"]
[Black "Schwarz, Jan"]
[Result "1/2-1/2"]
[WhiteElo "2220"]
[BlackElo "2230"]
[PlyCount "70"]
[EventDate "2003.??.??"]
[EventType "corr"]
[EventRounds "2"]
[SourceDate "2004.06.03"]

1. e4 Nc6 2. Nf3 Nf6 3. e5 Nd5 4. d4 d6 5. c4 Nb6 6. e6 fxe6 7. Nc3 g6 8. h4
Bg7 9. Be3 e5 10. d5 Nd4 11. Nxd4 exd4 12. Bxd4 Bxd4 13. Qxd4 e5 14. Qe3 Bf5
15. c5 dxc5 16. Bb5+ Kf7 17. Qxc5 Qd6 18. Qxd6 cxd6 19. O-O Kg7 20. Be2 Rac8
21. Rac1 Rhd8 22. g4 Bd7 23. f3 Rc5 24. Ne4 Rxc1 25. Rxc1 Nxd5 26. Nxd6 Bc6 27.
Nc4 Nf4 28. Bf1 Kf6 29. g5+ Kf5 30. Kf2 Ke6 31. Na5 Bd5 32. Rc7 b6 33. Nc4 b5
34. Ne3 Bxa2 35. Rxa7 Rd2+ 1/2-1/2

[Event "0MCR_3DE_1L_3S"]
[Site "?"]
[Date "2003.??.??"]
[Round "?"]
[White "Binas, Jindrich"]
[Black "Stancl, Vladimir"]
[Result "0-1"]
[WhiteElo "2220"]
[BlackElo "2285"]
[PlyCount "72"]
[EventDate "2003.??.??"]
[EventType "corr"]
[EventRounds "2"]
[SourceDate "2004.06.03"]

1. e4 Nc6 2. Nf3 d6 3. d4 g6 4. d5 Nb8 5. c4 Bg7 6. Nc3 Nf6 7. Be2 O-O 8. O-O
Nbd7 9. Be3 Re8 10. Qc2 c5 11. Nd2 h6 12. f4 b6 13. h3 a6 14. Rad1 Qc7 15. Nf3
Nh5 16. Kh2 Nhf6 17. g4 Nh7 18. Rde1 Kh8 19. a3 Rd8 20. Qd2 Rg8 21. Bf2 Bb7 22.
Bg3 Rae8 23. e5 dxe5 24. fxe5 Nxe5 25. g5 h5 26. Bd1 Nxf3+ 27. Rxf3 Qd7 28. Ba4
b5 29. cxb5 Bc8 30. Bf4 Bxc3 31. Qxc3+ f6 32. Qxc5 Qf5 33. Bc2 Nxg5 34. Bxg5
Qxf3 35. Qe3 Qxe3 36. Bxe3 axb5 0-1

[Event "0MCR_3DE_1L_3S"]
[Site "?"]
[Date "2003.??.??"]
[Round "?"]
[White "Binas, Jindrich"]
[Black "Toman, Antonin"]
[Result "0-1"]
[WhiteElo "2220"]
[BlackElo "2205"]
[PlyCount "58"]
[EventDate "2003.??.??"]
[EventType "corr"]
[EventRounds "2"]
[SourceDate "2004.06.03"]

1. e4 d5 2. exd5 Nf6 3. d4 Nxd5 4. Nf3 Bg4 5. Be2 e6 6. h3 Bh5 7. O-O Nc6 8. c4
Nb6 9. Nc3 Be7 10. d5 exd5 11. cxd5 Nb4 12. Qb3 O-O 13. Rd1 Bg6 14. Ne1 Bd6 15.
Be3 Re8 16. a3 Na6 17. Bd3 Bh5 18. Rdc1 Nc5 19. Bxc5 Bxc5 20. Qc2 Kh8 21. Bb5
Re7 22. Qd2 Bd6 23. g4 Bg6 24. Nf3 Qf8 25. Re1 Rd8 26. Bd3 c6 27. Rad1 cxd5 28.
Nb5 Rxe1+ 29. Rxe1 Bc5 0-1

[Event "0MCR_3DE_1L_3S"]
[Site "?"]
[Date "2003.??.??"]
[Round "?"]
[White "Hlavacek, Ladislav"]
[Black "Binas, Jindrich"]
[Result "1-0"]
[WhiteElo "2085"]
[BlackElo "2220"]
[PlyCount "35"]
[EventDate "2003.??.??"]
[EventType "corr"]
[EventRounds "2"]
[SourceDate "2004.06.03"]

1. c4 c5 2. Nf3 Nf6 3. Nc3 d5 4. cxd5 Nxd5 5. d4 Nxc3 6. bxc3 g6 7. e3 Bg7 8.
Bb5+ Nd7 9. O-O O-O 10. Qb3 cxd4 11. exd4 Nb6 12. Re1 Be6 13. Rxe6 fxe6 14. Ng5
Qd5 15. Nxe6 Qxb3 16. axb3 Rfc8 17. Bd2 Kf7 18. Re1 1-0

[Event "0MCR_3DE_1L_3S"]
[Site "?"]
[Date "2003.??.??"]
[Round "?"]
[White "Hlavacek, Ladislav"]
[Black "Nepustil, Frantisek"]
[Result "0-1"]
[WhiteElo "2085"]
[BlackElo "2000"]
[PlyCount "122"]
[EventDate "2003.??.??"]
[EventType "corr"]
[EventRounds "2"]
[SourceDate "2004.06.03"]

1. e4 g6 2. d4 Bg7 3. Nf3 d6 4. Nc3 Nf6 5. Be2 O-O 6. O-O c6 7. Qd2 Qc7 8. Rd1
Nbd7 9. a4 Re8 10. a5 h6 11. Qd3 Nf8 12. Be3 g5 13. a6 b5 14. b4 Bd7 15. d5
Rec8 16. Nd4 cxd5 17. Nxd5 Nxd5 18. exd5 Ng6 19. Qe4 Rf8 20. Nxb5 Bxb5 21. Bxb5
Bxa1 22. Rxa1 Qc3 23. Rb1 f5 24. Qd4 Qxc2 25. Rc1 Qb3 26. Bd7 Ne5 27. Be6+ Kg7
28. f4 gxf4 29. Qxf4 Rf6 30. Bd4 Qd3 31. Ra1 Qe2 32. Qf2 Qc4 33. Qf4 Qe2 34.
Qf2 Qc4 35. Qg3+ Kh8 36. Qf4 Qe2 37. Kh1 Rg6 38. g3 Rf6 39. Rc1 Qxa6 40. Bxe5
dxe5 41. Qxe5 f4 42. gxf4 Qa3 43. Rf1 Qxb4 44. f5 a5 45. Rg1 Rb8 46. h3 Qb3 47.
Rg3 Qd1+ 48. Kh2 Rb3 49. Rg8+ Kh7 50. d6 Qxd6 51. Qxd6 Rb2+ 52. Kg3 exd6 53.
Ra8 Rb5 54. Ra7+ Kh8 55. Ra8+ Kg7 56. Rg8+ Kh7 57. Rd8 a4 58. Rxd6 Ra5 59. Rd7+
Kh8 60. Rd2 a3 61. Kf4 Ra4+ 0-1

[Event "0MCR_3DE_1L_3S"]
[Site "?"]
[Date "2003.??.??"]
[Round "?"]
[White "Hlavacek, Ladislav"]
[Black "Prchly, Milos"]
[Result "0-1"]
[WhiteElo "2085"]
[BlackElo "2270"]
[PlyCount "66"]
[EventDate "2003.??.??"]
[EventType "corr"]
[EventRounds "2"]
[SourceDate "2004.06.03"]

1. d4 Nf6 2. Nf3 e6 3. Bg5 c5 4. Nc3 cxd4 5. Nxd4 Bb4 6. e4 Bxc3+ 7. bxc3 Qa5
8. Nb5 Nxe4 9. Qd4 O-O 10. Qxe4 a6 11. Be7 axb5 12. Qb4 Re8 13. Qxa5 Rxa5 14.
Bb4 Ra8 15. Bd6 b6 16. Bxb5 Bb7 17. f3 Ba6 18. c4 Nc6 19. O-O-O Ra7 20. a4 Na5
21. Rd4 Rc8 22. Kb2 f6 23. Bb4 Nxc4+ 24. Rxc4 Rxc4 25. Bxc4 Bxc4 26. Ra1 d5 27.
Kc3 e5 28. a5 bxa5 29. Rxa5 Rb7 30. Bc5 g5 31. Bf2 Rb1 32. h4 Rf1 33. Bg3 h6
0-1

[Event "0MCR_3DE_1L_3S"]
[Site "?"]
[Date "2003.??.??"]
[Round "?"]
[White "Hlavacek, Ladislav"]
[Black "Schauer, Jiri"]
[Result "1-0"]
[WhiteElo "2085"]
[BlackElo "2140"]
[PlyCount "110"]
[EventDate "2003.??.??"]
[EventType "corr"]
[EventRounds "2"]
[SourceDate "2004.06.03"]

1. c4 e5 2. Nc3 Nf6 3. Nf3 Nc6 4. d4 exd4 5. Nxd4 Bb4 6. Nxc6 Bxc3+ 7. bxc3
bxc6 8. Qd4 d6 9. c5 Be6 10. Bg5 h6 11. Bh4 Qe7 12. e4 dxc5 13. Qe5 O-O 14. f4
Rae8 15. Be2 Qd6 16. Bxf6 gxf6 17. Qxf6 Bc8 18. Qxd6 cxd6 19. O-O-O d5 20. e5
f6 21. Rhe1 fxe5 22. Bh5 e4 23. Bxe8 Rxe8 24. g4 Kf7 25. h3 Kg6 26. Kd2 h5 27.
gxh5+ Kxh5 28. Ke3 Kg6 29. Rg1+ Kf6 30. h4 Rh8 31. h5 Rxh5 32. Rh1 Rxh1 33.
Rxh1 Kg7 34. Rb1 Kg6 35. Rb8 Be6 36. Ra8 d4+ 37. cxd4 cxd4+ 38. Kxd4 Bxa2 39.
Kxe4 Kf6 40. Rxa7 Bd5+ 41. Ke3 Ke6 42. Rh7 Kf5 43. Rh5+ Ke6 44. Kd4 Kf6 45. Kc5
Ke6 46. Re5+ Kf6 47. Kd6 Bf3 48. Re8 Kf7 49. Re3 Bd5 50. Ke5 Ba2 51. Ra3 Bd5
52. Ra7+ Ke8 53. f5 Bb3 54. Kf6 c5 55. Kg7 Kd8 1-0

[Event "0MCR_3DE_1L_3S"]
[Site "?"]
[Date "2003.??.??"]
[Round "?"]
[White "Hlavacek, Ladislav"]
[Black "Schwarz, Jan"]
[Result "0-1"]
[WhiteElo "2085"]
[BlackElo "2230"]
[PlyCount "76"]
[EventDate "2003.??.??"]
[EventType "corr"]
[EventRounds "2"]
[SourceDate "2004.06.03"]

1. d4 Nf6 2. Nf3 d5 3. e3 c5 4. Be2 Nc6 5. O-O e6 6. c3 Bd6 7. dxc5 Bxc5 8. c4
O-O 9. cxd5 exd5 10. Nc3 Be6 11. b3 Qe7 12. Bb2 Rac8 13. Rc1 Rfd8 14. Nb5 Ne4
15. Nbd4 Nb4 16. Ra1 Bd6 17. Nb5 Bc5 18. Nbd4 Nc6 19. Rc1 Nb4 20. Ra1 Bd6 21.
a3 Nc6 22. b4 Ne5 23. Nxe6 Qxe6 24. Nd4 Qh6 25. f4 Nc4 26. Bxc4 dxc4 27. Nf5
Qe6 28. Nxg7 Qg6 29. Bd4 Bc7 30. Nh5 f5 31. Qf3 Bb6 32. Rfd1 c3 33. Bxb6 Qxb6
34. Ng3 c2 35. Re1 Nd2 36. Qh5 Qg6 37. Qxg6+ hxg6 38. Kf2 Nb3 0-1

[Event "0MCR_3DE_1L_3S"]
[Site "?"]
[Date "2003.??.??"]
[Round "?"]
[White "Hlavacek, Ladislav"]
[Black "Stancl, Vladimir"]
[Result "1/2-1/2"]
[WhiteElo "2085"]
[BlackElo "2285"]
[PlyCount "108"]
[EventDate "2003.??.??"]
[EventType "corr"]
[EventRounds "2"]
[SourceDate "2004.06.03"]

1. f4 d5 2. Nf3 g6 3. e3 Bg7 4. d4 Nh6 5. c4 e6 6. Nc3 O-O 7. Bd3 Nf5 8. O-O
dxc4 9. Bxc4 Nd7 10. Ne4 Nd6 11. Nxd6 cxd6 12. Bd2 Nf6 13. Bd3 Bd7 14. Qe1 Qb6
15. Ba5 Qxb2 16. Bb4 Nd5 17. Bxd6 Rfc8 18. Ne5 Qb6 19. Bc5 Qd8 20. Qf2 b6 21.
Ba3 f6 22. Nxd7 Qxd7 23. Rfc1 f5 24. Bc4 a6 25. Rab1 b5 26. Bxd5 Qxd5 27. h3
Bf6 28. Bc5 Rc6 29. Rc2 Rac8 30. Rbc1 R8c7 31. a3 Qe4 32. Qf3 Qxf3 33. gxf3 Be7
34. Kf2 Kf7 35. Ke2 h6 36. Kd3 Bf6 37. Ke2 g5 38. fxg5 hxg5 39. Kd3 Rc8 40. Bb4
Rxc2 41. Rxc2 Rxc2 42. Kxc2 Ke8 43. Kb3 Kd7 44. Bc3 Bd8 45. e4 a5 46. Kc2 Kc6
47. Kb1 Kb6 48. Bd2 Be7 49. Ka2 a4 50. Bc3 Kc7 51. Ba5+ Kd7 52. Kb2 Bd6 53. Bd2
f4 54. Ba5 Be7 1/2-1/2